000 04235nam a22003377a 4500
001 TIC 0035
003 gtcocun
005 20250922173626.0
006 a||||gr|||| 00| 0
007 ta
008 250922b2024 gt ||||| m||| 00| 0 eng d
040 _agtcocun
_bSPA
_cgtcocun
_eRDA
041 _aSPA TIC 0035
084 _0TIC 0035
100 _aBatz Choc, Mardoqueo
_eAutor
245 _aÁNALISIS DE LA INCORPORACIÓN DE FIBRA DE VIDRIO TRITURADO COMO SUSTITUTO PARCIAL DEL AGREGADO FINO EN EL CONCRETO, PARA USOS CONSTRUCTIVOS EN EL MUNICIPIO DDE COBÁN, ALTA VERAPAZ./
_cMardoqueo Batz Choc.
_hImpreso
264 _aCobán, Alta Verapaz:
_bUniversidad de San Carlos de Guatemala, Centro Universitario del Norte, Ingeniería Civil.
_c2024
300 _a61 p.:
_bIlustraciones, gráficas.
_c28 cm;
300 _cPDF
336 _2rdacontenido
_aTexto
_btxt
337 _2rdamedio
_aComputadora
_bn
338 _2rdasoporte
_aCódigo en línea
_bcr
502 _eTIC 0035
502 _aTesis de grado
_bIngeniería Civil,
_cUniversidad de San Carlos de Guatemala, Centro Universitario del Norte, Ingeniería Civil
_d2024
_oTIC 0035
520 1 4 _aEn respuesta a la necesidad de explorar materiales innovadores para el concreto, se ha llevado a cabo una investigación detallada en el municipio de Cobán, Alta Verapaz, Guatemala. El objetivo principal es evaluar el impacto de distintos porcentajes (25%, 50% y 75%) de fibras de vidrio triturado como sustituto del agregado fino en el concreto, para considerar su viabilidad técnica y ambiental. En la fase de obtención de materiales, se ha destacado la importancia de seleccionar agregados gruesos y finos de alta calidad, se deben de seguir normativas específicas, así como la consideración del vidrio triturado como componente esencial, con la ventaja adicional de contribuir a la reducción de residuos y la sostenibilidad ambiental. La metodología comprende la obtención de vidrio triturado a partir de desechos de botellas de diferentes tipos, la caracterización de sus propiedades, y la dosificación del concreto para una proporción de 1:2:3 (cemento, arena y piedrín), para lograr una resistencia de diseño de 3000 PSI, con pruebas detalladas de granulometría para los agregados, y destacar la adecuada elección y manipulación de los materiales. La caracterización del concreto fresco ha revelado condiciones óptimas de temperatura y trabajabilidad aceptable, con observaciones específicas sobre la influencia del vidrio en estas propiedades. La investigación ha abordado un marco teórico sólido, que considera las propiedades del concreto y las normativas guatemaltecas, American Concrete Institute ACI y la American Society for Testing and Materials ASTM por sus siglas en inglés. La metodología adoptada incluyó la obtención de vidrio triturado a partir de desechos, su caracterización y la dosificación del concreto según la resistencia de diseño de 3000 PSI. La granulometría de los agregados fue analizada con rigurosidad bajo las normativas American Association of State Highway and Transportation Officials AASHTO por sus siglas en inglés y ASTM. Los resultados de los ensayos a compresión han indicado un comportamiento interesante del concreto con fibras de vidrio. Aunque se logró resistencia a la compresión significativa, especialmente a mayores porcentajes de vidrio, estos valores han permanecido por debajo de la resistencia comparativa de 3000 PSI, esa característica limita su viabilidad técnica en aplicaciones estructurales convencionales. Además, se ha enfatizado la relevancia de un cuidadoso tiempo de curado para asegurar la eficaz integración de las fibras de vidrio con la matriz de concreto, que destaca así la necesidad de ajustes en la proporción de mezcla para mantener características deseables.
650 1 4 _2LEMB
_aCobán, Alta Verapaz.
_xIngeniería
_xConcreto
_xAgregados
_xDosificación
_xResistencia
_xVidrio
700 _aIng. Civil. Jorge Haroldo Dubón Xitumul
_eAsesor
856 _uhttps://drive.google.com/file/d/1ZAZICOfsk6OlfyJ1Qwex7z4D9WarkH3G/view
_yPDF
_zUn ejemplar en línea.
942 _2ddc
_cTES
_iTIC 0035
_kClasificación
_n0
_6TIC_0035_000000000000000
999 _c2049
_d2049